000 00286nam a2200109Ia 4500
008 200302s9999 xx 000 0 und d
100 _aJohn S. Crowley & Other
245 _aPractical Passive Solar Design
260 _bTata Mcgraw-Hill Publishing Co.
260 _c1984
300 _a250 P.,
999 _c2307
_d2307